[Event "Anapa Sea Harbor Cup Rapid"]
[Site "Anapa"]
[Date "2021.06.11"]
[Round "1"]
[White "Ponkratov, Pavel"]
[Black "Sergeeva, Anna"]
[Result "1-0"]
[WhiteElo "2627"]
[BlackElo "1403"]
[PlyCount "91"]
[EventDate "2021.06.11"]
[EventType "swiss (rapid)"]
[EventRounds "9"]
[EventCountry "RUS"]
[SourceTitle "CBM 202 Extra"]
[Source "ChessBase"]
[SourceDate "2021.07.31"]
[SourceVersion "1"]
[SourceVersionDate "2021.07.31"]
[SourceQuality "1"]

1. e4 e5 2. Nf3 Nc6 3. Bc4 Nf6 4. Ng5 d5 5. exd5 Na5 6. d3 h6 7. Nf3 e4 8. dxe4 Nxc4 9. Qd4 Nb6 10. c4 Be7 11. 0-0 0-0 12. e5 Nh7 13. Nc3 c5 14. Qe4 Re8 15. h3 Ng5 16. Nxg5 Bxg5 17. f4 Bh4 18. f5 Bf6 19. e6 fxe6 20. fxe6 Bxe6 21. dxe6 Qd4+ 22. Kh1 Qxc4 23. Rxf6 Qxe4 24. Nxe4 gxf6 25. Nxf6+ Kg7 26. Nxe8+ Rxe8 27. Be3 Rxe6 28. Bxc5 Re2 29. Rd1 Rc2 30. Bd4+ Kf7 31. Rf1+ Ke7 32. Rf5 Nc4 33. b3 Nd2 34. Kh2 Rxa2 35. Rf2 a6 36. Be3 Rb2 37. Rxd2 Rxb3 38. Bxh6 a5 39. h4 b5 40. Rf2 a4 41. h5 Rd3 42. Bf8+ Ke6 43. h6 Rd7 44. g4 Rb7 45. g5 b4 46. g6 1-0

[Event "IPCA Wch 17th"]
[Site "Ruzomberok"]
[Date "2017.06.02"]
[Round "6"]
[White "Zicho, Anton"]
[Black "Sergeeva, Anna"]
[Result "1-0"]
[WhiteElo "1531"]
[BlackElo "1407"]
[PlyCount "111"]
[EventDate "2017.05.28"]
[EventType "swiss"]
[EventRounds "9"]
[EventCountry "SVK"]
[SourceTitle "EXT 2018"]
[Source "ChessBase"]
[SourceDate "2017.10.13"]
[SourceVersion "1"]
[SourceVersionDate "2017.10.13"]
[SourceQuality "1"]

1. e4 c6 2. d4 d5 3. Nd2 Nf6 4. e5 Nfd7 5. Bd3 e6 6. Qg4 g6 7. Ndf3 Bg7 8. Ng5 Qe7 9. Ne2 c5 10. c3 Nc6 11. 0-0 0-0 12. Qh3 h6 13. Nf3 Kh7 14. Nf4 Rh8 15. Be3 c4 16. Bc2 Kg8 17. Bxg6 Qe8 18. Bc2 Nf8 19. Nh5 Ng6 20. Qg4 Nce7 21. Nh4 Qf8 22. Nxg6 fxg6 23. Bxg6 Nxg6 24. Qxg6 Qf7 25. Qxf7+ Kxf7 26. Nxg7 Kxg7 27. f4 Bd7 28. Rf3 Kf7 29. Bf2 b5 30. a3 a5 31. Be1 a4 32. Bh4 Kg6 33. g4 h5 34. gxh5+ Rxh5 35. Rg3+ Kf7 36. Bf6 Rg8 37. Rxg8 Kxg8 38. Kg2 Kh7 39. h4 Kg6 40. Kf3 Kf5 41. Rg1 Be8 42. Rg8 Bc6 43. Bg5 Bd7 44. Rf8+ Kg6 45. Kg4 Rh7 46. h5+ Kg7 47. Rf6 Kg8 48. Bh6 Rf7 49. Kg5 Rxf6 50. Kxf6 Kh7 51. Bf8 Kg8 52. Ke7 Bc8 53. h6 Kh7 54. Kd8 Bb7 55. Kc7 Ba6 56. Kd7 1-0

[Event "IPCA Wch 17th"]
[Site "Ruzomberok"]
[Date "2017.06.01"]
[Round "5"]
[White "Sergeeva, Anna"]
[Black "Chmelo, Dominik"]
[Result "1/2-1/2"]
[WhiteElo "1407"]
[BlackElo "1474"]
[PlyCount "66"]
[EventDate "2017.05.28"]
[EventType "swiss"]
[EventRounds "9"]
[EventCountry "SVK"]
[SourceTitle "EXT 2018"]
[Source "ChessBase"]
[SourceDate "2017.10.13"]
[SourceVersion "1"]
[SourceVersionDate "2017.10.13"]
[SourceQuality "1"]

1. Nf3 Nf6 2. c4 g6 3. d4 Bg7 4. Nc3 d5 5. Bg5 c6 6. e3 0-0 7. Bd3 b6 8. cxd5 Nxd5 9. Rc1 Nxc3 10. Rxc3 Bb7 11. 0-0 Nd7 12. Qc2 c5 13. Be4 Bxe4 14. Qxe4 Nf6 15. Qh4 Qd5 16. b3 cxd4 17. Qxd4 Qxd4 18. exd4 Ne4 19. Rc7 Nxg5 20. Nxg5 Bxd4 21. Nf3 Bf6 22. g4 h6 23. Kg2 e6 24. Rd7 Rfd8 25. Rfd1 Rxd7 26. Rxd7 a6 27. Rb7 b5 28. Nd2 Be5 29. Ne4 g5 30. Nc5 Bd6 31. Nd7 b4 32. Nf6+ Kf8 33. Nd7+ Ke8 1/2-1/2

[Event "IPCA Wch 17th"]
[Site "Ruzomberok"]
[Date "2017.05.28"]
[Round "1"]
[White "Sergeeva, Anna"]
[Black "Tsapalin, Sergey"]
[Result "0-1"]
[WhiteElo "1407"]
[BlackElo "1972"]
[PlyCount "114"]
[EventDate "2017.05.28"]
[EventType "swiss"]
[EventRounds "9"]
[EventCountry "SVK"]
[SourceTitle "EXT 2018"]
[Source "ChessBase"]
[SourceDate "2017.10.13"]
[SourceVersion "1"]
[SourceVersionDate "2017.10.13"]
[SourceQuality "1"]

1. d4 f5 2. c4 Nf6 3. Nc3 g6 4. Nf3 Bg7 5. Bf4 d6 6. e3 0-0 7. Bd3 Nh5 8. Bg3 Nc6 9. 0-0 Nxg3 10. hxg3 e5 11. dxe5 dxe5 12. Be2 e4 13. Nd2 Ne5 14. Qc2 Be6 15. Rad1 Qe7 16. b3 g5 17. f3 exf3 18. Bxf3 Nxf3+ 19. Nxf3 c6 20. Ne2 Rae8 21. Rd3 g4 22. Nfd4 Bc8 23. Qd2 h5 24. Nf4 Qg5 25. Nde2 Be5 26. Nc3 h4 27. gxh4 Qxh4 28. Rf2 g3 29. Rf3 Bxf4 30. Rxf4 Qh2+ 31. Kf1 Qh1+ 32. Ke2 Qxg2+ 33. Kd1 Qxd2+ 34. Kxd2 g2 35. Ne2 Rf7 36. Ke1 Rg7 37. Kf2 Kf7 38. Rd1 Reg8 39. Rg1 Kf6 40. Rh4 Ke5 41. Nf4 Rg4 42. Rxg4 Rxg4 43. Nd3+ Kd6 44. Rxg2 Rxg2+ 45. Kxg2 b5 46. c5+ Kd5 47. Kf3 a5 48. a3 Ba6 49. b4 Bc8 50. Ke2 axb4 51. axb4 Bd7 52. Kd2 Be8 53. Ke2 Kc4 54. Kd2 Kb3 55. Kd1 Bf7 56. Kd2 Bd5 57. Kd1 Be4 0-1

[Event "RUS IPCA-ch"]
[Site "Nalchik"]
[Date "2016.05.01"]
[Round "2"]
[White "Lipatkov, Eduard"]
[Black "Sergeeva, Anna"]
[Result "1-0"]
[WhiteElo "1892"]
[BlackElo "1350"]
[PlyCount "42"]
[EventDate "2016.04.30"]
[EventType "swiss"]
[EventRounds "9"]
[EventCountry "RUS"]
[SourceTitle "CBM 172 Extra"]
[Source "ChessBase"]
[SourceDate "2016.06.21"]
[SourceVersion "1"]
[SourceVersionDate "2016.06.21"]
[SourceQuality "1"]

1. e4 e5 2. Nf3 Nc6 3. Bc4 Nf6 4. Ng5 d5 5. exd5 Na5 6. Bb5+ c6 7. dxc6 bxc6 8. Qf3 Bb7 9. Bd3 Bd6 10. Nc3 0-0 11. b4 c5 12. Qh3 h6 13. Nxf7 Rxf7 14. bxa5 Nd5 15. Bc4 Bc7 16. Qe6 Qh4 17. Nxd5 Qxf2+ 18. Kd1 Qxg2 19. Qxf7+ Kxf7 20. Nf4+ Kf6 21. Nxg2 Bxg2 1-0

[Event "IPCA Wch 15th"]
[Site "Bratislava"]
[Date "2015.06.24"]
[Round "7"]
[White "Kestlane, Harry"]
[Black "Sergeeva, Anna"]
[Result "1-0"]
[WhiteElo "1776"]
[BlackElo "1243"]
[PlyCount "65"]
[EventDate "2015.06.19"]
[EventType "swiss"]
[EventRounds "9"]
[EventCountry "SVK"]
[SourceTitle "CBM 167 Extra"]
[Source "ChessBase"]
[SourceDate "2015.09.14"]
[SourceVersion "1"]
[SourceVersionDate "2015.09.14"]
[SourceQuality "1"]

1. e4 e5 2. Nf3 Nc6 3. Bb5 Nf6 4. d3 Nd4 5. Nxd4 exd4 6. 0-0 c6 7. Bc4 d5 8. exd5 cxd5 9. Bb3 Be7 10. Nd2 0-0 11. h3 Re8 12. Nf3 Bc5 13. Re1 Bb4 14. Rxe8+ Nxe8 15. Nxd4 Bc5 16. Be3 Qb6 17. c3 Nd6 18. Qf3 Be6 19. Nc2 Bxe3 20. Qxe3 d4 21. Qxd4 Bxb3 22. axb3 Qxb3 23. Qxd6 Qxb2 24. Rxa7 Rf8 25. Ne3 Qxc3 26. Rxb7 Qa1+ 27. Kh2 Qa8 28. Rd7 h6 29. Nf5 Re8 30. Qd5 Qb8+ 31. g3 Rf8 32. Qd4 Qb5 33. Qxg7# 1-0

[Event "IPCA Wch 15th"]
[Site "Bratislava"]
[Date "2015.06.21"]
[Round "3"]
[White "Sergeeva, Anna"]
[Black "Kuchyna, Stanislav"]
[Result "0-1"]
[WhiteElo "1243"]
[BlackElo "1928"]
[PlyCount "62"]
[EventDate "2015.06.19"]
[EventType "swiss"]
[EventRounds "9"]
[EventCountry "SVK"]
[SourceTitle "CBM 167 Extra"]
[Source "ChessBase"]
[SourceDate "2015.09.14"]
[SourceVersion "1"]
[SourceVersionDate "2015.09.14"]
[SourceQuality "1"]

1. d4 d5 2. c4 dxc4 3. e4 e5 4. Nf3 exd4 5. Qxd4 Qxd4 6. Nxd4 Nf6 7. Nb5 Na6 8. N1c3 c6 9. Nd4 Bb4 10. Bxc4 Nxe4 11. Bxa6 Nxc3 12. Bd2 Nd5 13. Bxb4 Nxb4 14. Bc4 0-0 15. 0-0 Rd8 16. Rad1 Bg4 17. f3 Bh5 18. Nf5 Bg6 19. Ne7+ Kf8 20. Nxg6+ hxg6 21. Rde1 Rd2 22. Rf2 Rad8 23. Rfe2 Nc2 24. Re7 Nxe1 25. Rxf7+ Ke8 26. Rxg7 Rxg2+ 27. Kf1 Rdd2 28. Kxe1 Rxb2 29. Bd3 Rxa2 30. Kf1 Rgd2 31. Bxg6+ Kf8 0-1

[Event "IPCA Wch 14th"]
[Site "Apatin"]
[Date "2014.09.18"]
[Round "4"]
[White "Sergeeva, Anna"]
[Black "Kestlane, Harry"]
[Result "0-1"]
[WhiteElo "1274"]
[BlackElo "1843"]
[PlyCount "58"]
[EventDate "2014.09.16"]
[EventType "swiss"]
[EventRounds "9"]
[EventCountry "SRB"]
[SourceTitle "CBM 162 Extra"]
[Source "ChessBase"]
[SourceDate "2014.10.17"]
[SourceVersion "1"]
[SourceVersionDate "2014.10.17"]
[SourceQuality "1"]

1. e4 e5 2. Nf3 Nf6 3. Nc3 Nc6 4. Bb5 Bb4 5. d3 d6 6. 0-0 0-0 7. Re1 Bg4 8. h3 Bxf3 9. Qxf3 Nd4 10. Qg3 Bxc3 11. bxc3 Nxb5 12. Bh6 Ne8 13. d4 exd4 14. cxd4 Nxd4 15. Red1 Ne6 16. e5 Kh8 17. Bf4 Nxf4 18. Qxf4 Qe7 19. exd6 cxd6 20. Re1 Qf6 21. Qb4 Rb8 22. c4 Qd4 23. Rad1 Qc5 24. Qb1 Nf6 25. Re7 b5 26. cxb5 Rxb5 27. Qd3 Rb2 28. a4 Qxf2+ 29. Kh1 Qxg2# 0-1